000 00260nam a2200109Ia 4500
008 190802s9999 xx 000 0 und d
100 _aAbulfarah Humayun
245 0 _aMusbat Soch ki taqat
260 _aKarachi
_bCity Book
_c2014
300 _a191:p
942 _cBK
999 _c2517
_d2517